Girls Capitalism - tripleS - English Lyrics - Statistics

General Stats
  • This quiz has been taken 116 times
  • The average score is 88 of 109
Answer Stats
Answers % Correct
I
94%
la
94%
la-la
94%
La-la
94%
la-la-la
94%
La-la-la
94%
la-la-la-la
94%
La-la-la-la
94%
me
90%
heart
88%
beauty
83%
Love
83%
love
83%
Call
82%
call
82%
my
82%
better
79%
Oh
71%
(Oh
71%
oh,
71%
myself
69%
I'm
67%
Inner
67%
key
65%
you
65%
ha-ah-ah-ah
64%
the
64%
to
62%
yeah
60%
yeah)
60%
Yeah,
60%
Selfish
59%
care
54%
account
46%
ah
28%
(ooh)
28%
Ooh
28%
Ayy
24%
(woo)
15%
No matching quizzes found
Score Distribution
Percent of People with Each Score
Percentile by Number Answered
Your Score History
You have not taken this quiz